Wszystkie kluby dostępne w Fifa 22 pt1 - Statystyki

Ogólne statystyki
  • Ten quiz został rozwiązany 37 razy
  • Średni wynik to 60 z 494
Statystyki odpowiedzi
Liga Klub % Poprawnych
Premier League Manchester City
86%
Premier League Manchester United
83%
La Liga Barcelona
76%
Premier League Liverpool
76%
La Liga Real Madryt
72%
Premier League Chelsea
69%
Liga Profesional | Premier League Arsenal
66%
Ekstraklasa Legia Warszawa
62%
Premier League Norwich
59%
Premier League Aston Villa
55%
La Liga Atletico Madryt
55%
Ekstraklasa Lech Poznań
55%
Ligue 1 PSG
55%
Ekstraklasa Stal Mielec
55%
Premier League Everton
52%
Premier League Wolverhampton
52%
Ekstraklasa Pogoń Szczecin
48%
Premier League Southampton
48%
Premier League Tottenham
48%
Premier League West Ham
48%
La Liga Athletic Bilbao
45%
Premier League Brighton
45%
Ekstraklasa Raków Częstochowa
45%
La Liga Real Sociedad
45%
Liga NOS Sporting
45%
Bundesliga Bayern
41%
Liga NOS Benfica
41%
Premier League Burnley
41%
Premier League Crystal Palace
41%
Championship Fulham
41%
La Liga Sevilla
41%
Ekstraklasa Wisła Kraków
41%
Eredivisie Ajax
38%
Premier League Brentford
38%
Ekstraklasa Górnik Zabrze
38%
Ekstraklasa Lechia Gdańsk
38%
Premier League Leeds
38%
Premier League Leicester
38%
Premier League Newcastle
38%
Championship Nottingham
38%
Liga NOS Porto
38%
La Liga Real Betis
38%
La Liga Valencia
38%
La Liga Villarreal
38%
Ekstraklasa Zagłębie Lubin
38%
Bundesliga Borussia Dortmund
34%
Championship Bournemouth
34%
Ekstraklasa Cracovia
34%
Segunda Division Girona
34%
Ekstraklasa Jagiellonia
34%
Ligue 1 Olympique Lyon
34%
Ekstraklasa Piast Gliwice
34%
Bundesliga RB Lipsk
34%
La Liga Espanyol
31%
Ekstraklasa Górnik Łęczna
31%
Ligue 1 Olympique Marsylia
31%
La Liga Rayo Vallecano
31%
Ekstraklasa Termalica
31%
Ekstraklasa Warta Poznań
31%
Ekstraklasa Wisła Płock
31%
La Liga Alaves
28%
Bundesliga Bayer Leverkusen
28%
Liga NOS Braga
28%
Bundesliga 2 Hamburger SV
28%
Bundesliga Koln
28%
Championship Luton
28%
La Liga Mallorca
28%
Ligue 1 Monaco
28%
Eredivisie PSV
28%
Championship Sheffield United
28%
Ekstraklasa Śląsk Wrocław
28%
Liga Profesional Union
28%
Bundesliga Union Berlin
28%
Bundesliga Wolfsburg
28%
Segunda Division Almeria
24%
Ö-Bundesliga Austria Wiedeń
24%
Championship Birmingham
24%
La Liga Celta Vigo
24%
Championship Derby
24%
Ireland Premier Division Dundalk
24%
Eredivisie Feyenoord
24%
Bundesliga 2 Hannover
24%
La Liga Levante
24%
Ligue 1 Lille
24%
Segunda Division Malaga
24%
Segunda Division Real Sociedad B
24%
Segunda Division Real Valladolid
24%
Ö-Bundesliga Salzburg
24%
Bundesliga 2 Schalke
24%
League One Sunderland
24%
Premier League Watford
24%
Championship West Brom
24%
Saudi Pro League Al Hilal
21%
Bundesliga Augsburg
21%
Eredivisie AZ
21%
Championship Blackburn
21%
Bundesliga Bochum
21%
League One Bolton
21%
Bundesliga Borussia M'gladbach
21%
La Liga Cadiz
21%
Bundesliga Eintracht Frankfurt
21%
La Liga Elche
21%
Bundesliga 2 Fortuna Dusseldorf
21%
Pro League Genk
21%
La Liga Getafe
21%
Bundesliga Hertha Berlin
21%
Championship Hull
21%
Superligaen Kobenhavn
21%
Segunda Division Las Palmas
21%
Ligue 1 Lens
21%
La Liga Osasuna
21%
Ekstraklasa Radomiak Radom
21%
Ö-Bundesliga Rapid Wiedeń
21%
League One Sheffield Wednesday
21%
Championship Swansea
21%
Eredivisie Twente
21%
Bundesliga 2 Werder Bremen
21%
Ligue 2 Ajaccio
17%
Saudi Pro League Al Nassr
17%
Liga MX America
17%
Ligue 2 Auxerre
17%
Liga NOS Boavista
17%
Ligue 1 Bordeaux
17%
Championship Bristol City
17%
Ligue 1 Clermont Foot
17%
Pro League Club Brugge
17%
Bundesliga Furth
17%
Pro League Gent
17%
La Liga Granada
17%
Bundesliga 2 Holstein Kiel
17%
League One Ipswich
17%
Bundesliga Mainz
17%
Ligue 1 Montpellier
17%
Ligue 1 Nantes
17%
Ligue 1 Nice
17%
Championship QPR
17%
Championship Reading
17%
Eliteserien Rosenborg
17%
Pro League Standard Liege
17%
Bundesliga Stuttgart
17%
Liga MX Tigres
17%
Ligue 2 Toulouse
17%
Liga NOS Vitoria Guimaraes
17%
Saudi Pro League Al Ahli
14%
Bundesliga Arminia Bielefeld
14%
Championship Barnsley
14%
Superligaen Brondby
14%
Championship Cardiff
14%
Bundesliga 2 Dynamo Drezno
14%
Segunda Division Eibar
14%
League Two Forest Green
14%
Bundesliga 2 Hansa Rostock
14%
Ö-Bundesliga LASK
14%
Ligue 2 Le Havre
14%
3 Liga Magdeburg
14%
Championship Millwall
14%
League Two Northampton
14%
Eredivisie PEC Zwolle
14%
League One Portsmouth
14%
Liga MX Pumas
14%
Segunda Division Real Zaragoza
14%
Ligue 1 Saint Etienne
14%
League Two Salford
14%
Brasileiro Série A Santos
14%
Eredivisie Sparta Rotterdam
14%
Ligue 1 Stade Reims
14%
Ligue 1 Stade Rennes
14%
Championship Stoke
14%
Ö-Bundesliga Sturm Graz
14%
A-League Sydney FC
14%
J1 League Vissel Kobe
14%
League One Wigan
14%
Pro League Zulte
14%
Superligaen Aarhus
10%
Pro League Anderlecht
10%
Liga Profesional Boca Juniors
10%
Eliteserien Bodo/Glimt
10%
3 Liga Borussia Dortmund II
10%
Liga Profesional Central Cordoba
10%
League One Charlton
10%
Championship Coventry
10%
Chinese Super League Dalian Pro
10%
Bundesliga 2 Darmstadt
10%
Ligue 2 Dijon
10%
3 Liga Eintracht Brunszwik
10%
Ligue 2 Grenoble Foot
10%
Bundesliga 2 Heidenheim
10%
Segunda Division Ibiza
10%
3 Liga Kaiserslautern
10%
Segunda Division Leganes
10%
Ligue 1 Metz
10%
Championship Middlesbrough
10%
Eliteserien Molde
10%
Ligue 2 Nimes
10%
Bundesliga 2 Nurnberg
10%
League One Oxford
10%
Liga Profesional Racing
10%
Segunda Division Real Oviedo
10%
Liga Profesional River Plate
10%
League One Rotherham
10%
3 Liga TSV Monachium
10%
Eredivisie Utrecht
10%
Eredivisie Vitesse
10%
League One Wycombe
10%
League One Accrington
7%
Saudi Pro League Al Ittihad
7%
Ligue 2 Amiens
7%
Ligue 1 Angers
7%
Liga NOS Arouca
7%
Brasileiro Série A Atletico Mineiro
7%
Chinese Super League Beijing Guoan
7%
Liga NOS Belenenses
7%
League Two Bradford
7%
League Two Bristol Rovers
7%
Ligue 2 Caen
7%
Pro League Cercle Brugge
7%
League One Doncaster
7%
League Two Exeter
7%
League One Fleetwood
7%
Brasileiro Série A Fluminense
7%
Eredivisie Fortuna Sittard
7%
Bundesliga Freiburg
7%
3 Liga Freiburg II
7%
Brasileiro Série A Gremio
7%
Eredivisie Groningen
7%
Ligue 2 Guingamp
7%
Eredivisie Heerenveen
7%
Bundesliga Hoffenheim
7%
Championship Huddersfield
7%
Segunda Division Huesca
7%
League Two Leyton Orient
7%
Ligue 1 Lorient
7%
Liga NOS Maritimo
7%
Superligaen Midtjylland
7%
Segunda Division Mirandes
7%
League One MK Dons
7%
Liga MX Monterrey
7%
Ligue 2 Nancy
7%
Eredivisie NEC Nijmegen
7%
League Two Oldham
7%
Liga MX Pachuca
7%
Bundesliga 2 Paderborn
7%
Ligue 2 Paris FC
7%
Segunda Division Ponferradina
7%
Ligue 2 Rodez
7%
Bundesliga 2 Sandhausen
7%
Liga NOS Santa Clara
7%
Chinese Super League Shanghai Shenhua
7%
Ligue 2 Sochaux
7%
League Two Stevenage
7%
Bundesliga 2 St Pauli
7%
Ligue 1 Strasbourg
7%
League Two Swindon
7%
Segunda Division Tenerife
7%
K League Ulsan Hyundai
7%
Pro League Union Saint Gilloise
7%
3 Liga Viktoria Koln
7%
League Two Walsall
7%
A-League Wellington Phoenix
7%
Eredivisie Willem II
7%
Chinese Super League Wuhan
7%
J1 League Yokohama FM
7%
Superligaen Aalborg
3%
Ö-Bundesliga Admira
3%
Segunda Division Alcorcon
3%
Saudi Pro League Al Ettifaq
3%
Saudi Pro League Al Faisaly
3%
Saudi Pro League Al Fayha
3%
Saudi Pro League Al Taawoun
3%
Ö-Bundesliga Altach
3%
Pro League Antwerp
3%
Ö-Bundesliga Austria Klagenfurt
3%
League Two Barrow
3%
Pro League Beerschot
3%
Ireland Premier Division Bohemian
3%
A-League Brisbane Roar
3%
Segunda Division Burgos
3%
League One Cambridge
3%
Brasileiro Série A Chapecoense
3%
Pro League Charleroi
3%
League One Cheltenham
3%
League Two Colchester
3%
League Two Crawley
3%
Saudi Pro League Damac
3%
Ireland Premier Division Derry City
3%
3 Liga Duisburg
3%
Ligue 2 Dunkerque
3%
Ligue 1 ESTAC Troyes
3%
Liga NOS Estoril
3%
Liga Profesional Estudiantes
3%
Pro League Eupen
3%
Segunda Division Fuenlabrada
3%
J1 League Gamba Osaka
3%
League One Gillingham
3%
Liga NOS Gil Vicente
3%
Indian Hero League Goa
3%
Eredivisie Go Ahead Eagles
3%
Liga MX Guadalajara
3%
League Two Harrogate
3%
League Two Hartlepool
3%
3 Liga Havelse
3%
Chinese Super League Hebei
3%
Eredivisie Heracles Almelo
3%
Bundesliga 2 Ingolstadt
3%
Liga MX Juarez
3%
Bundesliga 2 Karlsruher
3%
J1 League Kashima Antlers
3%
Pro League Kortijk
3%
Eliteserien Kristiansund
3%
Liga MX Leon
3%
Pro League Leuven
3%
Eliteserien Lillestrom
3%
League One Lincoln
3%
League Two Mansfield
3%
A-League Melbourne City
3%
A-League Melbourne Victory
3%
League One Morecambe
3%
Indian Hero League Mumbai City
3%
A-League Newcastle Jets
3%
Liga Profesional Newells
3%
League Two Newport
3%
Superligaen Odense
3%
Pro League Oostende
3%
Liga NOS Pacos Ferreira
3%
Ligue 2 Pau
3%
A-League Perth Glory
3%
League One Plymouth
3%
Liga NOS Portimonense
3%
League Two Port Vale
3%
Bundesliga 2 Regensburg
3%
League Two Rochdale
3%
Liga Profesional Rosario
3%
Ligue 2 Rouen
3%
J1 League Sagan Tosu
3%
Liga Profesional San Lorenzo
3%
Ireland Premier Division Shamrock Rovers
3%
Ligue 1 Stade Brestois
3%
Liga MX Tijuana
3%
Ö-Bundesliga Tirol
3%
League Two Tranmere
3%
3 Liga Turkgucu
3%
J1 League Urawa Red Diamond
3%
Liga Profesional Velez
3%
3 Liga Verl
3%
Superligaen Viborg
3%
Eliteserien Viking
3%
3 Liga Viktoria Berlin
3%
A-League Wanderers
3%
League One Wimbledon
3%
Ö-Bundesliga Wolfsberger
3%
3 Liga Wurzburg
3%
3 Liga Zwickau
3%
Saudi Pro League Abha
0%
A-League Adelaide United
0%
Saudi Pro League Al Batin
0%
Liga Profesional Aldosivi
0%
Saudi Pro League Al Fateh
0%
Saudi Pro League Al Hazem
0%
Saudi Pro League Al Raed
0%
Saudi Pro League Al Shabab
0%
Saudi Pro League Al Tai
0%
Segunda Division Amorebieta
0%
Liga Profesional Argentinios Junior
0%
Brasileiro Série A Athletico Paranense
0%
Indian Hero League ATK Mohun Bagan
0%
Liga MX Atlas
0%
Liga MX Atletico de San Luis
0%
Brasileiro Série A Atletico Goias
0%
Liga Profesional Atletico Tucuman
0%
J1 League Avispa Fukuoka
0%
Brasileiro Série A Bahia
0%
Liga Profesional Banfield
0%
Ligue 2 Bastia
0%
Indian Hero League Bengaluru
0%
Championship Blackpool
0%
Eliteserien Brann
0%
League One Burton
0%
Eredivisie Cambuur
0%
Chinese Super League Cangzhou Lions
0%
League Two Carlisle
0%
Segunda Division Cartagena
0%
Brasileiro Série A Ceara
0%
J1 League Cerezo Osaka
0%
Chinese Super League Changchun Yatai
0%
Indian Hero League Chennaiyin
0%
Chinese Super League Chongqing
0%
Liga Profesional Colon
0%
League One Crewe
0%
Liga MX Cruz Azul
0%
K League Daegu
0%
Liga Profesional Defensa
0%
Ireland Premier Division Drogheda United
0%
Indian Hero League East Bengal
0%
Bundesliga 2 Erzgebirge Aue
0%
Liga NOS Famalicao
0%
K League FC Seul
0%
J1 League FC Tokyo
0%
Ireland Premier Division Finn Harps
0%
Brasileiro Série A Fortaleza
0%
K League Gangwon
0%
Liga Profesional Gimnasia
0%
Liga Profesional Godoy Cruz
0%
Chinese Super League Guangzhou City
0%
Chinese Super League Guangzhou FC
0%
K League Gwangju
0%
3 Liga Hallescher
0%
Ö-Bundesliga Hartberg
0%
Eliteserien Haugesund
0%
J1 League HC Sapporo
0%
Chinese Super League Henan Songshan
0%
Liga Profesional Huracan
0%
Indian Hero League Hyderbad
0%
K League Incheon United
0%
Liga Profesional Independiente
0%
Brasileiro Série A Internacional
0%
Indian Hero League Jamshedpur
0%
K League Jeju United
0%
K League Jeonbuk Hyundai
0%
Brasileiro Série A Juventude
0%
J1 League Kashiwa Reysol
0%
J1 League Kawasaki Frontale
0%
Indian Hero League Kerala Blasters
0%
Liga Profesional Lanus
0%
Ireland Premier Division Longford
0%
Segunda Division Lugo
0%
A-League Macarthur
0%
A-League Mariners
0%
Liga MX Mazatlan
0%
Pro League Mechelen
0%
3 Liga Meppen
0%
Eliteserien Mjondalen
0%
Liga NOS Moreirense
0%
J1 League Nagoya Grampus
0%
Liga MX Necaxa
0%
Ligue 2 Niortais
0%
Superligaen Nordsjaelland
0%
Indian Hero League NorthEast United
0%
Eliteserien Odds
0%
Indian Hero League Odisha
0%
J1 League Oita Trinita
0%
3 Liga Osnabruck
0%
Liga Profesional Patronato
0%
Championship Peterborough
0%
Liga Profesional Platense
0%
K League Pohang Steelers
0%
Championship Preston
0%
Liga MX Puebla
0%
Chinese Super League Qingdao
0%
Liga MX Queretaro
0%
Superligaen Randers
0%
Ö-Bundesliga Ried
0%
3 Liga Saarbrucken
0%
Eliteserien Sandefjord
0%
J1 League Sanfrecce Hiroshima
0%
Liga MX Santos Laguna
0%
Liga Profesional Sarmiento
0%
Eliteserien Sarpsborg
0%
League Two Scunthorpe
0%
K League Seongnam
0%
Pro League Seraign
0%
Chinese Super League Shandong Taishan
0%
Chinese Super League Shanghai Port
0%
Chinese Super League Shenzhen
0%
J1 League Shimizu S-Pulse
0%
J1 League Shonan Bellmare
0%
League One Shrewsbury
0%
Superligaen Silkeborg
0%
Pro League Sint Truiden
0%
Ireland Premier Division Sligo Rovers
0%
Superligaen Sonderjyske
0%
Eliteserien Stabak
0%
Ireland Premier Division St. Pats
0%
Eliteserien Stromsgodset
0%
League Two Sutton
0%
K League Suwon FC
0%
K League Suwon Samsung
0%
Liga Profesional Talleres
0%
Chinese Super League Tianjin
0%
J1 League Tokushima Vortis
0%
Liga MX Toluca
0%
Liga NOS Tondela
0%
Eliteserien Tromso
0%
Ligue 2 Valenciennes
0%
Eliteserien Valerenga
0%
J1 League Vegelta Sendai
0%
Superligaen Vejle
0%
Liga NOS Vizela
0%
Eredivisie Waalwijk
0%
3 Liga Waldhof
0%
Ireland Premier Division Waterford
0%
3 Liga Wehen
0%
A-League Western United
0%
J1 League Yokohama FC
0%
Nie znaleziono quizów pasujących do podanych kryteriów
Rozkład punktacji
Procent ludzi z każdym wynikiem
Percentyl według liczby udzielonych odpowiedzi
Twoja historia wyników
Nie rozwiązałeś tego quizu